| 000 | 01891nam0a2200373 i 4500 | ||
|---|---|---|---|
| 001 | RU\NLR\BIBL_A\011399648 | ||
| 005 | 20260409000051.0 | ||
| 010 | _a9785906867582 | ||
| 021 |
_aRU _b2017-34903 _92560 |
||
| 035 | _a(RuMoRGB)008883928 | ||
| 035 | _a(NLR Aleph) 011399648 | ||
| 090 |
_a11500514 _c11500514 |
||
| 100 | _a20170605d2017 km y0rusy50 ca | ||
| 101 | 0 | _arus | |
| 102 | _aRU | ||
| 105 | _aa|||z|||010zy | ||
| 200 | 1 |
_aРуслан и Людмила _eвторой смысловой ряд поэмы А. С. Пушкина _e200-летию со дня рождения Первого Поэта России посвящается _fВнутренний Предиктор СССР |
|
| 205 | _a(В ред. 1999 г. с некоторыми уточнениями) | ||
| 210 |
_aМосква _cКонцептуал _d2017 |
||
| 215 |
_a429 с. _cил. _d22 |
||
| 320 | _aБиблиогр. в подстроч. примеч. | ||
| 333 | _a16+ | ||
| 500 |
_aРуслан и Людмила _3RU\NLR\AUTH\5510704 _92632704 |
||
| 604 |
_1700#1$aПушкин$bА.С.$gАлександр Сергеевич$f1799 - 1837 _1500##$a"Руслан и Людмила"$2nlr_sh2$3RU\NLR\AUTH\66935467 _3RU\NLR\AUTH\66935467 _aПушкин, Александр Сергеевич (1799 - 1837) _t"Руслан и Людмила" _92030805 |
||
| 686 |
_aШ5(2=Р)51-4Пушкин А.С.535,0 _2rubbk |
||
| 686 | 2 | _aШ5(2=Р)51-4Пушкин535 | |
| 702 | 1 |
_8rus _7ca _aПушкин _bА. С. _cпоэт _f1799-1837 _gАлександр Сергеевич _3RU\NLR\AUTH\77386 _9110441 |
|
| 712 | 0 | 2 |
_4570 _a"Внутренний предиктор СССР", общественная инициативная группа _3RU\NLR\AUTH\8810142889 _9780397 |
| 942 | _cBOOK | ||
| 980 | _aNBR | ||